Statistics for Scientific Classification of Animals

Click here to take the quiz!

General Stats

  • This quiz has been taken 27 times
  • The average score is 4 of 12

Answer Stats

Animal ExamplesAnimal Family (Plural)% Correct
Cat, Tiger, LionFelidae
87%
Cow, Bison, GoatBovidae
65%
Camels, AlpacasCamelidae
57%
Horse, Zebra, MuleEquidae
48%
Giraffe, OkapiGiraffidae
43%
Gorilla, ChimpanzeeHominidae
43%
Anaconda, BoaBoidae
17%
Hawk, Eagle, FalconAccipitridae
13%
Duck, Geese, SwanAnatidae
13%
Mouse, RatMuridae
9%
Nile CrocodileCrocodylidae
4%
ArmadilloDasypodidae
0%

Score Distribution

Percentile by Number Answered

Percent of People with Each Score

Your Score History

You have not taken this quiz